| 000 | 01279nam a22003494a 4500 | ||
|---|---|---|---|
| 001 | ebr10289941 | ||
| 003 | CaPaEBR | ||
| 006 | m u | ||
| 007 | cr cn||||||||| | ||
| 008 | 090123s2008 enk sb 001 0beng c | ||
| 010 | _z 2009275418 | ||
| 020 | _z9781845117269 | ||
| 020 | _z1845117263 | ||
| 040 |
_aCaPaEBR _cCaPaEBR |
||
| 035 | _a(OCoLC)647703631 | ||
| 043 | _ae-it--- | ||
| 050 | 1 | 4 |
_aDG575.T6 _bA655 2008eb |
| 100 | 1 | _aAgosti, Aldo. | |
| 245 | 1 | 0 |
_aPalmiro Togliatti _h[electronic resource] : _ba biography / _cAldo Agosti. |
| 260 |
_aLondon ; _aNew York : _bI.B. Tauris, _c2008. |
||
| 300 | _axix, 339 p. | ||
| 490 | 1 | _aCommunist lives series | |
| 504 | _aIncludes bibliographical references (p. [297]-330) and index. | ||
| 533 |
_aElectronic reproduction. _bPalo Alto, Calif. : _cebrary, _d2013. _nAvailable via World Wide Web. _nAccess may be limited to ebrary affiliated libraries. |
||
| 600 | 1 | 0 |
_aTogliatti, Palmiro, _d1893-1964. |
| 650 | 0 |
_aCommunists _zItaly _vBiography. |
|
| 650 | 0 |
_aCommunism _zItaly. |
|
| 655 | 7 |
_aElectronic books. _2local |
|
| 710 | 2 | _aebrary, Inc. | |
| 830 | 0 | _aCommunist lives. | |
| 856 | 4 | 0 |
_uhttp://site.ebrary.com/lib/rucke/Doc?id=10289941 _zAn electronic book accessible through the World Wide Web; click to view |
| 999 |
_c72790 _d72790 |
||